[Event "Budapest Spring op 07th"]
[Site "Budapest"]
[Date "1991.??.??"]
[Round "8"]
[White "Borsavolgyi, Tamas"]
[Black "Utasi, Tamas"]
[Result "0-1"]
[WhiteElo "2225"]
[BlackElo "2345"]
[PlyCount "80"]
[EventDate "1991.03.??"]
[EventType "swiss"]
[EventRounds "9"]
[EventCountry "HUN"]
[SourceTitle "TD"]
[Source "ChessBase"]
[SourceDate "1994.03.01"]
[SourceVersion "1"]
[SourceVersionDate "1994.03.01"]
[SourceQuality "1"]

1. e4 e6 2. d4 d5 3. exd5 exd5 4. Nc3 Bf5 5. Bd3 Qd7 6. Qe2+ Be6 7. Nf3 Nc6 8. Bb5 f6 9. Bxc6 Qxc6 10. 0-0 Kf7 11. Bf4 Bd6 12. Bxd6 Qxd6 13. Rfe1 a6 14. Na4 b6 15. b3 Ne7 16. Rad1 Ng6 17. Nd2 Nf4 18. Qe3 Rae8 19. Qf3 h5 20. h3 g5 21. c4 g4 22. Qc3 gxh3 23. c5 bxc5 24. dxc5 Qf8 25. g3 h4 26. Kh2 Qg7 27. Qd4 Ng2 28. Rg1 Qg4 29. Qd3 a5 30. c6 Qf5 31. Nf3 hxg3+ 32. fxg3 Qxd3 33. Rxd3 Bg4 34. Nd4 Ne1 35. Rc3 Re4 36. Nc5 Rxd4 37. Rxe1 Rd2+ 38. Kh1 h2 39. Rce3 d4 40. Re7+ Kg6 0-1

[Event "Schneider Memorial op"]
[Site "Budapest"]
[Date "1991.??.??"]
[Round "6"]
[White "Lenz, Alarich"]
[Black "Utasi, Tamas"]
[Result "0-1"]
[WhiteElo "2245"]
[BlackElo "2345"]
[PlyCount "70"]
[EventDate "1991.??.??"]
[EventType "swiss"]
[EventRounds "11"]
[EventCountry "HUN"]
[SourceTitle "TD"]
[Source "ChessBase"]
[SourceDate "1994.03.01"]
[SourceVersion "1"]
[SourceVersionDate "1994.03.01"]
[SourceQuality "1"]

1. e4 e6 2. d3 c5 3. g3 Nc6 4. Bg2 g6 5. Nf3 Bg7 6. 0-0 Nge7 7. Nbd2 0-0 8. Re1 d6 9. a4 e5 10. Nc4 f5 11. exf5 gxf5 12. Bg5 h6 13. Bh4 Qc7 14. Nfd2 Ng6 15. Qh5 Nxh4 16. Qxh4 Be6 17. f4 Rae8 18. c3 Ne7 19. Qh5 Bf7 20. Qd1 exf4 21. gxf4 Ng6 22. Qf3 d5 23. Ne3 Qxf4 24. Qxf4 Nxf4 25. Nxf5 Nxd3 26. Rxe8 Rxe8 27. Nd6 Rd8 28. Nf5 Nxb2 29. Nxg7 Kxg7 30. a5 Nd3 31. Rb1 Rd7 32. Bf1 Ne5 33. Rb5 c4 34. Bh3 Rc7 35. Bg2 a6 0-1

[Event "Schneider Memorial op"]
[Site "Budapest"]
[Date "1991.??.??"]
[Round "5"]
[White "Utasi, Tamas"]
[Black "Dragojlovic, Andjelko"]
[Result "1-0"]
[WhiteElo "2345"]
[BlackElo "2415"]
[PlyCount "87"]
[EventDate "1991.??.??"]
[EventType "swiss"]
[EventRounds "11"]
[EventCountry "HUN"]
[SourceTitle "TD"]
[Source "ChessBase"]
[SourceDate "1994.03.01"]
[SourceVersion "1"]
[SourceVersionDate "1994.03.01"]
[SourceQuality "1"]

1. e4 c5 2. Nf3 d6 3. d4 cxd4 4. Nxd4 Nf6 5. Nc3 e6 6. Be2 Be7 7. 0-0 0-0 8. Be3 Nc6 9. f4 e5 10. Nb3 a5 11. a4 Nb4 12. Bf3 Bd7 13. Ne2 Ng4 14. Bxg4 Bxg4 15. h3 exf4 16. Bxf4 Be6 17. Nbd4 Bc4 18. Rf3 d5 19. e5 Bxe2 20. Qxe2 Bc5 21. c3 Bxd4+ 22. cxd4 Qb6 23. Rd1 Rac8 24. Rg3 Rc6 25. Kh2 Rg6 26. Rc3 Rc6 27. Rg3 Qa6 28. Qf3 Rg6 29. Rc1 Rxg3 30. Bxg3 Qa7 31. Qg4 Qb6 32. Rc5 h6 33. Rb5 Qa7 34. Be1 Nc2 35. Bc3 Rd8 36. Qd1 Ne3 37. Qd3 Nc4 38. Qf3 g6 39. Rxd5 Rxd5 40. Qxd5 Ne3 41. Qd8+ Kh7 42. Qd7 Kg8 43. Qe8+ Kg7 44. e6 1-0

[Event "Kobanya op"]
[Site "Kobanya"]
[Date "1991.??.??"]
[Round "10"]
[White "Utasi, Tamas"]
[Black "Mate, Laszlo"]
[Result "1/2-1/2"]
[WhiteElo "2345"]
[BlackElo "2245"]
[PlyCount "44"]
[EventDate "1991.??.??"]
[EventType "swiss"]
[EventRounds "11"]
[EventCountry "HUN"]
[SourceTitle "TD"]
[Source "ChessBase"]
[SourceDate "1994.03.01"]
[SourceVersion "1"]
[SourceVersionDate "1994.03.01"]
[SourceQuality "1"]

1. Nf3 Nf6 2. c4 g6 3. Nc3 c5 4. g3 Bg7 5. Bg2 Nc6 6. 0-0 0-0 7. d4 cxd4 8. Nxd4 Nxd4 9. Qxd4 d6 10. Rd1 Be6 11. Bxb7 Nd5 12. Qe4 Nxc3 13. bxc3 Rb8 14. Be3 Qc7 15. Bd5 Bxc3 16. Rac1 Bb2 17. Bxe6 Bxc1 18. Rxc1 fxe6 19. Qxe6+ Rf7 20. c5 dxc5 21. Rxc5 Qd6 22. Qc4 e6 1/2-1/2

[Event "Schneider Memorial op"]
[Site "Budapest"]
[Date "1991.??.??"]
[Round "10"]
[White "Utasi, Tamas"]
[Black "Stajcic, Nikola"]
[Result "0-1"]
[WhiteElo "2345"]
[BlackElo "2345"]
[PlyCount "102"]
[EventDate "1991.??.??"]
[EventType "swiss"]
[EventRounds "11"]
[EventCountry "HUN"]
[SourceTitle "TD"]
[Source "ChessBase"]
[SourceDate "1994.03.01"]
[SourceVersion "1"]
[SourceVersionDate "1994.03.01"]
[SourceQuality "1"]

1. e4 c5 2. Nf3 e6 3. d4 cxd4 4. Nxd4 Nc6 5. Nc3 Qc7 6. g3 a6 7. Bg2 d6 8. 0-0 Bd7 9. Be3 Nf6 10. a4 Be7 11. g4 h5 12. g5 Ng4 13. Nxc6 Nxe3 14. fxe3 Bxc6 15. h4 g6 16. Ne2 Rc8 17. Nf4 Bf8 18. Qd4 Rg8 19. Qd2 Bg7 20. c3 Be5 21. Qf2 Qd7 22. Nd5 exd5 23. exd5 Rc7 24. dxc6 bxc6 25. a5 Qg4 26. b3 Bg3 27. Bxc6+ Kf8 28. Qg2 Bxh4 29. Qxg4 hxg4 30. Bd5 Bxg5 31. e4 Bd2 32. c4 Kg7 33. Kg2 Rb8 34. Ra2 Bc3 35. Raf2 Bxa5 36. Rxf7+ Rxf7 37. Rxf7+ Kh6 38. Rf6 Rxb3 39. Rxd6 Rb2+ 40. Kf1 Bc3 41. e5 Bxe5 42. Rxa6 g3 43. Ra3 Kg5 44. Re3 Rf2+ 45. Ke1 Bd6 46. Re2 Bb4+ 47. Kd1 Rf4 48. Rg2 Kg4 49. Bb7 Kh3 50. Ke2 Bc5 51. Ke1 Bf2+ 0-1

[Event "Kobanya op"]
[Site "Kobanya"]
[Date "1991.??.??"]
[Round "9"]
[White "Yuferov, Sergey N"]
[Black "Utasi, Tamas"]
[Result "1-0"]
[WhiteElo "2395"]
[BlackElo "2345"]
[PlyCount "91"]
[EventDate "1991.??.??"]
[EventType "swiss"]
[EventRounds "11"]
[EventCountry "HUN"]
[SourceTitle "TD"]
[Source "ChessBase"]
[SourceDate "1994.03.01"]
[SourceVersion "1"]
[SourceVersionDate "1994.03.01"]
[SourceQuality "1"]

1. d4 Nf6 2. c4 e6 3. Nf3 b6 4. g3 Ba6 5. b3 Bb4+ 6. Bd2 Be7 7. Bg2 Bb7 8. Nc3 0-0 9. 0-0 c5 10. d5 exd5 11. Ne1 Ne4 12. Rc1 Bf6 13. cxd5 Nxd2 14. Qxd2 d6 15. Ne4 Be7 16. f4 Nd7 17. Nf3 b5 18. Nf2 Nb6 19. e4 a5 20. Rfd1 a4 21. b4 c4 22. Nd4 Qd7 23. Bh3 Qe8 24. Re1 Bf6 25. Ng4 Bxd4+ 26. Qxd4 Qd8 27. Ne3 a3 28. Rc2 f6 29. Be6+ Kh8 30. Rc3 Bc8 31. Nc2 Na4 32. Rxa3 Qe7 33. Bxc8 Rfxc8 34. Rae3 Qa7 35. Qxa7 Rxa7 36. Nd4 Rb7 37. R1e2 Kg8 38. Ra3 c3 39. Nc6 Rbc7 40. Rc2 Rxc6 41. dxc6 Rxc6 42. Kf2 Rc4 43. Ke3 f5 44. exf5 Kf7 45. Rxa4 bxa4 46. a3 1-0

[Event "HUN-ch op"]
[Site "Gyor"]
[Date "1990.??.??"]
[Round "4"]
[White "Utasi, Tamas"]
[Black "Naumann, Frank"]
[Result "1/2-1/2"]
[WhiteElo "2350"]
[BlackElo "2290"]
[PlyCount "81"]
[EventDate "1990.09.??"]
[EventType "swiss"]
[EventRounds "11"]
[EventCountry "HUN"]
[SourceTitle "EXT 1997"]
[Source "ChessBase"]
[SourceDate "1996.11.15"]
[SourceVersion "1"]
[SourceVersionDate "1996.11.15"]
[SourceQuality "1"]

1. d4 Nf6 2. c4 c5 3. d5 e6 4. Nc3 exd5 5. cxd5 d6 6. e4 g6 7. f4 Bg7 8. Nf3 0-0 9. Be2 Bg4 10. 0-0 Re8 11. h3 Bxf3 12. Bxf3 Nbd7 13. Bd2 c4 14. Be1 Nc5 15. Qc2 Nd3 16. Bg3 Qb6+ 17. Kh1 Qxb2 18. Qxb2 Nxb2 19. Rab1 Nd3 20. e5 dxe5 21. fxe5 Nxe5 22. Rxb7 Nfd7 23. d6 Nxf3 24. Rxf3 Ne5 25. Re3 Nc6 26. Rxe8+ Rxe8 27. Rc7 Bxc3 28. Rxc6 Rd8 29. Rxc4 Ba5 30. Be5 f5 31. g4 fxg4 32. hxg4 Kf7 33. Bg3 Rd7 34. Kg2 Bd8 35. Kf3 h5 36. gxh5 gxh5 37. Bh2 h4 38. Ke4 Ke6 39. Rc5 Rg7 40. Rh5 Rg4+ 41. Kf3 1/2-1/2

[Event "Harkany Tenkes Cup"]
[Site "Harkany"]
[Date "1989.11.20"]
[Round "7"]
[White "Utasi, Tamas"]
[Black "Espig, Lutz"]
[Result "0-1"]
[WhiteElo "2330"]
[BlackElo "2460"]
[PlyCount "76"]
[EventDate "1989.11.14"]
[EventType "swiss"]
[EventRounds "11"]
[EventCountry "HUN"]
[SourceTitle "EXT 2012"]
[Source "ChessBase"]
[SourceDate "2011.11.24"]
[SourceVersion "1"]
[SourceVersionDate "2011.11.24"]
[SourceQuality "1"]

1. f4 c5 2. Nf3 g6 3. e3 Bg7 4. d4 Nf6 5. c3 b6 6. Bd3 Bb7 7. Nbd2 0-0 8. 0-0 d6 9. e4 cxd4 10. cxd4 Nc6 11. a3 Rc8 12. Nb3 e5 13. d5 Ne7 14. fxe5 dxe5 15. Bg5 Ne8 16. Qd2 Nd6 17. Bh6 f6 18. Rf2 Qd7 19. Bxg7 Kxg7 20. Qe3 Nc4 21. Bxc4 Rxc4 22. Raf1 Rcc8 23. a4 Rce8 24. a5 Nc8 25. Rc1 Rf7 26. Nfd2 f5 27. exf5 gxf5 28. Nf3 Qxd5 29. Ng5 Rf6 30. Rd2 Qb5 31. Rc7+ Re7 32. Rxe7+ Nxe7 33. Nd4 Qc4 34. Kf2 Ng6 35. Ne2 Qc6 36. Nf3 f4 37. Qb3 e4 38. Nfd4 e3+ 0-1

[Event "HUN-chT"]
[Site "Hungary"]
[Date "1989.??.??"]
[Round "1"]
[White "Havasi, Janos"]
[Black "Utasi, Tamas"]
[Result "1/2-1/2"]
[WhiteElo "2245"]
[BlackElo "2345"]
[PlyCount "98"]
[EventDate "1989.??.??"]
[EventType "team"]
[EventRounds "13"]
[EventCountry "HUN"]
[SourceTitle "EXT 2009"]
[Source "ChessBase"]
[SourceDate "2008.11.26"]
[SourceVersion "1"]
[SourceVersionDate "2008.11.26"]
[SourceQuality "1"]

1. e4 d5 2. exd5 Qxd5 3. Nc3 Qd6 4. d4 Nf6 5. Nf3 a6 6. Be2 Nc6 7. Bg5 Bg4 8. d5 Bxf3 9. Bxf3 Ne5 10. 0-0 0-0-0 11. Bf4 Nxf3+ 12. Qxf3 e5 13. dxe6 Qxe6 14. Rfe1 Qc6 15. Qxc6 bxc6 16. Bg5 Bd6 17. Bxf6 gxf6 18. Ne4 Be5 19. c3 Rhg8 20. g3 f5 21. Nc5 Bd6 22. Nxa6 f4 23. Kg2 f5 24. Kf3 h5 25. Rad1 fxg3 26. hxg3 Rg4 27. Rd4 Rf8 28. Rxg4 hxg4+ 29. Kg2 f4 30. Re4 c5 31. b4 cxb4 32. cxb4 f3+ 33. Kg1 Kb7 34. Nc5+ Bxc5 35. bxc5 Rd8 36. Rxg4 Rd1+ 37. Kh2 Rf1 38. Rf4 Rxf2+ 39. Kh3 Kc6 40. a4 Kxc5 41. Kg4 Kd5 42. Rxf3 Ra2 43. Rf5+ Kd4 44. Rf4+ Kd3 45. Kf5 c5 46. g4 c4 47. g5 Rxa4 48. g6 Ra8 49. g7 c3 1/2-1/2

[Event "Budapest Spring op 05th"]
[Site "Budapest"]
[Date "1989.??.??"]
[Round "?"]
[White "Witke, Thomas"]
[Black "Utasi, Tamas"]
[Result "0-1"]
[WhiteElo "2330"]
[BlackElo "2345"]
[PlyCount "56"]
[EventDate "1989.03.18"]
[EventType "swiss"]
[EventRounds "9"]
[EventCountry "HUN"]
[SourceTitle "EXT 2003"]
[Source "ChessBase"]
[SourceDate "2002.11.25"]
[SourceVersion "1"]
[SourceVersionDate "2002.11.25"]
[SourceQuality "1"]

1. c4 e5 2. Nf3 e4 3. Nd4 Nc6 4. e3 Nxd4 5. exd4 Qf6 6. d5 Bc5 7. Qe2 Qg6 8. Nc3 Nf6 9. d3 0-0 10. dxe4 Ng4 11. Nd1 d6 12. f3 Ne5 13. g4 Qf6 14. Bg2 Qh4+ 15. Kd2 b5 16. cxb5 a6 17. Kc2 axb5 18. Be3 b4 19. Bxc5 dxc5 20. Qf2 Qf6 21. Qxc5 b3+ 22. Kxb3 Ba6 23. Qc3 Rfb8+ 24. Kc2 Bd3+ 25. Kc1 Rb5 26. Kd2 Qf4+ 27. Ke1 Nxf3+ 28. Kf2 Nd4+ 0-1

[Event "HUN-ch"]
[Site "Hungary"]
[Date "1986.??.??"]
[Round "?"]
[White "Groszpeter, Attila"]
[Black "Utasi, Tamas"]
[Result "1-0"]
[WhiteElo "2470"]
[BlackElo "2440"]
[PlyCount "59"]
[EventDate "1986.04.??"]
[EventType "tourn"]
[EventRounds "15"]
[EventCountry "HUN"]
[EventCategory "8"]
[SourceTitle "EXT 1997"]
[Source "ChessBase"]
[SourceDate "1996.11.15"]
[SourceVersion "1"]
[SourceVersionDate "1996.11.15"]
[SourceQuality "1"]

1. d4 Nf6 2. c4 c5 3. d5 e6 4. Nc3 exd5 5. cxd5 d6 6. Nf3 g6 7. Bg5 Bg7 8. e3 0-0 9. Nd2 a6 10. a4 Nbd7 11. Be2 Qc7 12. 0-0 Re8 13. e4 Rb8 14. f4 c4 15. Bxc4 b5 16. axb5 axb5 17. Bd3 Nc5 18. Bxb5 Rf8 19. Kh1 Nfxe4 20. Ndxe4 Nxe4 21. Nxe4 Rxb5 22. Rc1 Qd7 23. Bf6 Bb7 24. Bxg7 Kxg7 25. Qa4 Bxd5 26. Qd4+ Kh6 27. Nf6 Qf5 28. Kg1 g5 29. g4 Qe6 30. fxg5+ 1-0

[Event "HUN-ch"]
[Site "Hungary"]
[Date "1986.??.??"]
[Round "?"]
[White "Horvath, Jozsef"]
[Black "Utasi, Tamas"]
[Result "1-0"]
[WhiteElo "2475"]
[BlackElo "2440"]
[PlyCount "55"]
[EventDate "1986.04.??"]
[EventType "tourn"]
[EventRounds "15"]
[EventCountry "HUN"]
[EventCategory "8"]
[SourceTitle "EXT 1997"]
[Source "ChessBase"]
[SourceDate "1996.11.15"]
[SourceVersion "1"]
[SourceVersionDate "1996.11.15"]
[SourceQuality "1"]

1. Nf3 d5 2. g3 Nc6 3. d4 Bg4 4. Bg2 Qd7 5. 0-0 h5 6. c3 h4 7. Nbd2 0-0-0 8. b4 Qf5 9. b5 Nb8 10. Ne5 Nh6 11. f3 Bh5 12. g4 Qe6 13. gxh5 h3 14. Bh1 g6 15. Kf2 gxh5 16. Rg1 Nf5 17. e4 dxe4 18. fxe4 Nd6 19. Qf3 Bh6 20. Nb3 b6 21. Bb2 Rdf8 22. Ke2 Nd7 23. Nxd7 Qxd7 24. e5 Qxb5+ 25. Kf2 Nc4 26. Bc1 Bxc1 27. Raxc1 e6 28. Qb7+ 1-0

[Event "Havana-A"]
[Site "Havana"]
[Date "1986.??.??"]
[Round "?"]
[White "Klaric, Zlatko"]
[Black "Utasi, Tamas"]
[Result "0-1"]
[WhiteElo "2410"]
[BlackElo "2440"]
[PlyCount "99"]
[EventDate "1986.02.??"]
[EventType "tourn"]
[EventRounds "13"]
[EventCountry "CUB"]
[EventCategory "8"]
[SourceTitle "EXT 1998"]
[Source "ChessBase"]
[SourceDate "1997.11.17"]
[SourceVersion "1"]
[SourceVersionDate "1997.11.17"]
[SourceQuality "1"]

1. d4 Nf6 2. Nf3 e6 3. Bg5 h6 4. Bh4 c5 5. e3 b6 6. Nbd2 Bb7 7. Bd3 Be7 8. c3 cxd4 9. exd4 d6 10. Bxf6 Bxf6 11. Qe2 a6 12. Be4 Qc7 13. d5 e5 14. Nf1 Nd7 15. Ne3 g6 16. g4 Bg7 17. h4 h5 18. gxh5 Rxh5 19. Ng5 Nc5 20. Bf3 Rh8 21. h5 Qe7 22. Ne4 Nxe4 23. Bxe4 f5 24. Rg1 fxe4 25. Rxg6 Bc8 26. Nc4 Bf6 27. Nxb6 Bf5 28. Rxf6 Qxf6 29. Nxa8 Qg5 30. Nc7+ Ke7 31. Ne6 Bxe6 32. dxe6 Rxh5 33. Qxe4 Qg1+ 34. Ke2 Qxa1 35. Qb7+ Kxe6 36. Qc8+ Ke7 37. Qc7+ Ke6 38. Qc8+ Kf6 39. Qd8+ Kf5 40. Qf8+ Kg4 41. Qg8+ Kf4 42. Qf8+ Rf5 43. Qh6+ Ke4 44. Qd2 Qb1 45. c4 Rf4 46. Qd5+ Kf5 47. Qf7+ Kg5 48. Qe7+ Rf6 49. Qg7+ Qg6 50. Qb7 0-1

[Event "Havana-A"]
[Site "Havana"]
[Date "1986.??.??"]
[Round "?"]
[White "Utasi, Tamas"]
[Black "Armas Gutierrez, Jorge Enrique"]
[Result "1-0"]
[WhiteElo "2440"]
[BlackElo "2345"]
[PlyCount "49"]
[EventDate "1986.02.??"]
[EventType "tourn"]
[EventRounds "13"]
[EventCountry "CUB"]
[EventCategory "8"]
[SourceTitle "EXT 1998"]
[Source "ChessBase"]
[SourceDate "1997.11.17"]
[SourceVersion "1"]
[SourceVersionDate "1997.11.17"]
[SourceQuality "1"]

1. d4 c5 2. Nf3 cxd4 3. Nxd4 d5 4. c4 dxc4 5. Qa4+ Bd7 6. Qxc4 Nc6 7. Nc3 g6 8. Be3 Nf6 9. Rd1 Qc8 10. Nxc6 Bxc6 11. Nb5 b6 12. Bf4 Bxb5 13. Qxb5+ Nd7 14. g3 a6 15. Qa4 Bg7 16. Bh3 Ra7 17. 0-0 b5 18. Qb4 f5 19. Rc1 Qd8 20. Qb3 Rf8 21. Bg2 g5 22. Be3 Rc7 23. Rxc7 Qxc7 24. Rc1 Qb8 25. Ba7 1-0

[Event "HUN-ch"]
[Site "Hungary"]
[Date "1986.??.??"]
[Round "?"]
[White "Utasi, Tamas"]
[Black "Portisch, Ferenc"]
[Result "1/2-1/2"]
[WhiteElo "2440"]
[BlackElo "2420"]
[PlyCount "80"]
[EventDate "1986.04.??"]
[EventType "tourn"]
[EventRounds "15"]
[EventCountry "HUN"]
[EventCategory "8"]
[SourceTitle "EXT 1997"]
[Source "ChessBase"]
[SourceDate "1996.11.15"]
[SourceVersion "1"]
[SourceVersionDate "1996.11.15"]
[SourceQuality "1"]

1. e4 e6 2. d4 d5 3. e5 c5 4. Nf3 Ne7 5. Bf4 Ng6 6. Bg3 Nc6 7. h4 cxd4 8. h5 Nge7 9. Bd3 h6 10. Nbd2 Nf5 11. Bxf5 exf5 12. 0-0 Be7 13. Nb3 Bg5 14. Bh2 0-0 15. Nbxd4 f4 16. Qd2 Nxd4 17. Nxd4 f3 18. Qd3 fxg2 19. Kxg2 Qd7 20. f4 Qg4+ 21. Kh1 Be7 22. f5 Qxh5 23. Rf3 Bc5 24. c3 Bxd4 25. cxd4 Bd7 26. Rg1 Rac8 27. Rf4 Rc6 28. Qg3 g5 29. Rh4 Qe2 30. Qh3 Rg6 31. Rxh6 Qe4+ 32. Rg2 Rxh6 33. Qxh6 Bxf5 34. Qxg5+ Bg6 35. Qf4 Kh7 36. Kg1 Qe1+ 37. Qf1 Qe3+ 38. Qf2 Qc1+ 39. Qf1 Rc8 40. Bf4 Qxf1+ 1/2-1/2

[Event "HUN-ch"]
[Site "Hungary"]
[Date "1986.??.??"]
[Round "?"]
[White "Utasi, Tamas"]
[Black "Schneider, Attila"]
[Result "1/2-1/2"]
[WhiteElo "2440"]
[BlackElo "2440"]
[PlyCount "91"]
[EventDate "1986.04.??"]
[EventType "tourn"]
[EventRounds "15"]
[EventCountry "HUN"]
[EventCategory "8"]
[SourceTitle "EXT 1997"]
[Source "ChessBase"]
[SourceDate "1996.11.15"]
[SourceVersion "1"]
[SourceVersionDate "1996.11.15"]
[SourceQuality "1"]

1. d4 Nf6 2. Nc3 d5 3. Bg5 Nbd7 4. Nf3 g6 5. e3 Bg7 6. Bd3 c6 7. 0-0 0-0 8. Re1 Re8 9. e4 dxe4 10. Nxe4 Nxe4 11. Rxe4 h6 12. Bf4 Nf6 13. Re1 Bg4 14. c3 Qd5 15. Be2 Rad8 16. h3 Bxf3 17. Bxf3 Qd7 18. Qb3 e6 19. Rad1 Nd5 20. Bh2 Bf8 21. Rd2 Be7 22. Rde2 Qc8 23. c4 Nb6 24. Be5 Bf8 25. Bf6 Be7 26. Be5 Bf8 27. Bf6 Be7 28. Bxe7 Rxe7 29. d5 cxd5 30. cxd5 Nxd5 31. Bxd5 Rxd5 32. Qxd5 exd5 33. Rxe7 Kf8 34. a3 Qc6 35. g3 a5 36. h4 Qb5 37. R7e2 Kg7 38. Rd2 Kf6 39. Re3 Qc4 40. Kg2 g5 41. hxg5+ hxg5 42. Rc3 Qb5 43. g4 Ke6 44. Re3+ Kd6 45. Rf3 Qc4 46. Kg3 1/2-1/2

[Event "Szirak"]
[Site "Szirak"]
[Date "1985.10.19"]
[Round "13"]
[White "Utasi, Tamas"]
[Black "Petran, Pal"]
[Result "1/2-1/2"]
[WhiteElo "2480"]
[BlackElo "2430"]
[PlyCount "37"]
[EventDate "1985.10.06"]
[EventType "tourn"]
[EventRounds "13"]
[EventCountry "HUN"]
[EventCategory "11"]
[SourceTitle "MCD"]
[Source "ChessBase"]
[SourceDate "1999.07.01"]
[SourceVersion "1"]
[SourceVersionDate "1999.07.01"]
[SourceQuality "1"]

1. d4 Nf6 2. c4 e6 3. Nc3 Bb4 4. e3 c5 5. Nge2 cxd4 6. exd4 0-0 7. a3 Be7 8. d5 exd5 9. cxd5 Re8 10. d6 Bf8 11. g3 Re6 12. Bf4 Nh5 13. Be3 Rxd6 14. Qc2 Re6 15. Bg2 Nf6 16. 0-0 Nc6 17. Rad1 Re8 18. Nd4 d5 19. Bg5 1/2-1/2

[Event "Szirak"]
[Site "Szirak"]
[Date "1985.10.18"]
[Round "12"]
[White "Tukmakov, Vladimir B"]
[Black "Utasi, Tamas"]
[Result "1/2-1/2"]
[WhiteElo "2570"]
[BlackElo "2480"]
[PlyCount "69"]
[EventDate "1985.10.06"]
[EventType "tourn"]
[EventRounds "13"]
[EventCountry "HUN"]
[EventCategory "11"]
[SourceTitle "MCD"]
[Source "ChessBase"]
[SourceDate "1999.07.01"]
[SourceVersion "1"]
[SourceVersionDate "1999.07.01"]
[SourceQuality "1"]

1. d4 Nf6 2. c4 g6 3. Nc3 Bg7 4. e4 d6 5. Be2 0-0 6. Bg5 c6 7. Qd2 a6 8. Nf3 b5 9. a3 bxc4 10. Bxc4 Nxe4 11. Nxe4 d5 12. Bd3 dxe4 13. Bxe4 Bg4 14. Ne5 Be6 15. Nf3 Bg4 16. h3 Bxf3 17. Bxf3 Qxd4 18. Qxd4 Bxd4 19. 0-0-0 e5 20. Rhe1 Nd7 21. Be3 Nc5 22. Kb1 Rfd8 23. Bxd4 exd4 24. Re5 Ne6 25. Bxc6 Rab8 26. Rd5 Rxd5 27. Bxd5 Rd8 28. Bxe6 fxe6 29. Kc2 e5 30. Kd3 Kf7 31. Rc1 Ke6 32. f3 Rb8 33. b4 a5 34. Rc6+ Kf5 35. Kc4 1/2-1/2

[Event "Szirak"]
[Site "Szirak"]
[Date "1985.10.13"]
[Round "8"]
[White "Utasi, Tamas"]
[Black "Pinter, Jozsef"]
[Result "0-1"]
[WhiteElo "2480"]
[BlackElo "2540"]
[PlyCount "94"]
[EventDate "1985.10.06"]
[EventType "tourn"]
[EventRounds "13"]
[EventCountry "HUN"]
[EventCategory "11"]
[SourceTitle "MCD"]
[Source "ChessBase"]
[SourceDate "1999.07.01"]
[SourceVersion "1"]
[SourceVersionDate "1999.07.01"]
[SourceQuality "1"]

1. d4 d5 2. c4 e6 3. Nc3 c6 4. Nf3 Nf6 5. cxd5 exd5 6. Bg5 Bf5 7. e3 Nbd7 8. Be2 Bd6 9. Bh4 0-0 10. Bg3 Be7 11. 0-0 Qb6 12. Nh4 Be6 13. Qc2 Rfe8 14. Na4 Qa5 15. Nc3 g6 16. f4 Bg4 17. Bd3 Qd8 18. f5 Nf8 19. fxg6 hxg6 20. Bxg6 fxg6 21. Nxg6 Bh5 22. Nxf8 Rxf8 23. Rf5 Rf7 24. Be5 Qe8 25. Raf1 Nd7 26. Rxf7 Bxf7 27. Qf5 Nxe5 28. dxe5 Bf8 29. Rf3 Bg6 30. Rg3 Kh7 31. Rh3+ Bh6 32. Qg5 Qf8 33. Ne2 Qg7 34. Nf4 Be4 35. Qh5 Rg8 36. Rg3 Qf8 37. Rxg8 Qxg8 38. e6 Qg7 39. h3 Bg6 40. Qh4 Be8 41. Qd8 Qg3 42. Qe7+ Bg7 43. Kh1 Qxe3 44. Qh4+ Kg8 45. g3 Qc1+ 46. Kg2 Qxb2+ 47. Kh1 Qf6 0-1

[Event "Szirak"]
[Site "Szirak"]
[Date "1985.10.07"]
[Round "2"]
[White "Utasi, Tamas"]
[Black "Knaak, Rainer"]
[Result "0-1"]
[WhiteElo "2480"]
[BlackElo "2530"]
[PlyCount "96"]
[EventDate "1985.10.06"]
[EventType "tourn"]
[EventRounds "13"]
[EventCountry "HUN"]
[EventCategory "11"]
[SourceTitle "MCD"]
[Source "ChessBase"]
[SourceDate "1999.07.01"]
[SourceVersion "1"]
[SourceVersionDate "1999.07.01"]
[SourceQuality "1"]

1. d4 Nf6 2. c4 d6 3. Nc3 Nbd7 4. e4 e5 5. Be3 Be7 6. d5 Nc5 7. f3 a5 8. Nge2 Nfd7 9. Qd2 h6 10. g3 Nb6 11. b3 a4 12. Rb1 axb3 13. axb3 f5 14. Bg2 0-0 15. 0-0 Bd7 16. Bxc5 dxc5 17. Bh3 f4 18. Bxd7 Nxd7 19. g4 h5 20. h3 Ra6 21. Rf2 Rh6 22. Kf1 hxg4 23. hxg4 Kf7 24. Ng1 Rfh8 25. Qd1 Bd6 26. Rbb2 Rh1 27. Rg2 Qh4 28. Qe2 Nf8 29. Nd1 Ng6 30. Nf2 Rh2 31. Nd3 Rxg2 32. Qxg2 b6 33. Ra2 Qd8 34. Qe2 Rh1 35. Qd1 Qh8 36. Qe2 Nh4 37. Qd1 Qh6 38. Qe2 Qh7 39. Qd1 Qh8 40. Qe2 Qb8 41. Ne1 b5 42. Qd3 bxc4 43. bxc4 Qb4 44. Re2 Be7 45. Ng2 Qa5 46. Ne1 Qa1 47. d6 cxd6 48. Qd5+ Kf8 0-1